000 00430nam a22001577a 4500
005 20240118132709.0
008 240118b |||||||| |||| 00| 0 eng d
041 _aEnglish
082 _a342.5 PAR
100 _lEnglish
245 _aParliamentary Supremacy Judicial Independence...
260 _c1998
300 _biv, 20 pages ;
_c22 cm.
650 _aLegal practice
_bLaw
942 _cBK
_6ALISON_BN_VRIES
999 _c1245
_d1245